Top 15 Covid-19 getroffen landen - 21 juli 2021 - Statistieken

Algemene statistieken
  • Deze quiz is 6 keer genomen
  • De gemiddelde score is 15 van 28
Antwoordstatistieken
land % Correct
Italië
100%
Nederland
100%
Rusland
100%
Verenigde Staten
100%
België
83%
Brazilië
83%
Duitsland
83%
Frankrijk
83%
India
83%
Polen
83%
Portugal
83%
Spanje
83%
Verenigd Koninkrijk
83%
Argentinië
67%
Zweden
67%
Colombia
50%
Indonesië
50%
Turkije
33%
Iran
17%
Tsjechië
17%
Uruguay
17%
Bahrein
0%
Estland
0%
Georgië
0%
Israël
0%
Litouwen
0%
Panama
0%
Slovenië
0%
Geen overeenkomende quizzen gevonden
Scoreverdeling
Procent van Mensen met Elke Score
Percentiel versus Aantal Correcte Antwoorden
Uw Scoregeschiedenis
U heeft deze quiz nog niet genomen